书目信息 |
| 题名: |
世界近代史
|
|
| 作者: | 金卫星 , 刘大明 主编 | |
| 分册: | ||
| 出版信息: | 北京 高等教育出版社 1999 |
|
| 页数: | 430页 | |
| 开本: | 20cm | |
| 丛书名: | ||
| 单 册: | ||
| 中图分类: | K14 | |
| 科图分类: | ||
| 主题词: | 世界史:近代史 | |
| 电子资源: | ||
| ISBN: | 7-04-007120-7 | |
| 000 | 00646nam0 2200217 450 | |
| 001 | 0656367218 | |
| 005 | 20070623114055.75 | |
| 010 | @a7-04-007120-7@dCNY13.90 | |
| 100 | @a20060314d1999 km y0chiy0120 ea | |
| 101 | 0 | @achi |
| 102 | @aCN@b110000 | |
| 200 | 1 | @a世界近代史@Ashi jie jin dai shi@f金卫星,刘大明主编@Fjin wei xing,liu da ming zhu bian |
| 210 | @a北京@c高等教育出版社@d1999 | |
| 215 | @a430页@d20cm | |
| 300 | @a师范高等专科学校历史专业系列教材 | |
| 606 | 0 | @a世界史:近代史 |
| 690 | @aK14@v4 | |
| 701 | 0 | @a金卫星@Ajin wei xing@4主编 |
| 701 | 0 | @a刘大明@Aliu da ming@4主编 |
| 801 | 0 | @aCN@bPFT@c20070623 |
| 905 | @a10447@dK14@e123 | |
| 世界近代史/金卫星,刘大明主编.-北京:高等教育出版社,1999 |
| 430页;20cm |
| 师范高等专科学校历史专业系列教材 |
| ISBN 7-04-007120-7:CNY13.90 |
| ● |
| 相关链接 |
|
|
|
|
正题名:世界近代史
索取号:K14/123
 
预约/预借
| 序号 | 登录号 | 条形码 | 馆藏地/架位号 | 状态 | 备注 |
| 1 | 0339816 | 203398162 | 第二样本阅览室/ [索取号:K14/123] | 在馆 | |
| 2 | 0339817 | 203398171 | 第二借阅区/ [索取号:K14/123] | 在馆 | |
| 3 | 0339818 | 203398180 | 第二借阅区/ [索取号:K14/123] | 在馆 | |
| 4 | 0339819 | 203398199 | 第二借阅区/ [索取号:K14/123] | 在馆 | |
| 5 | 0339820 | 203398206 | 第二借阅区/ [索取号:K14/123] | 在馆 | |
| 6 | 0675451 | 206754519 | 库房3/ [索取号:K14/123] | 在馆 | |
| 7 | 0675452 | 206754528 | 库房3/ [索取号:K14/123] | 在馆 | |
| 8 | 0675453 | 206754537 | 库房3/ [索取号:K14/123] | 在馆 | |
| 9 | 0675454 | 206754546 | 库房3/ [索取号:K14/123] | 在馆 | |
| 10 | 0675455 | 206754555 | 库房3/ [索取号:K14/123] | 在馆 | |
| 11 | 0675456 | 206754564 | 库房3/ [索取号:K14/123] | 在馆 | |
| 12 | 0675457 | 206754573 | 库房3/ [索取号:K14/123] | 在馆 | |
| 13 | 0675458 | 206754582 | 库房3/ [索取号:K14/123] | 在馆 |